00657cam a22002411 4500001001300000003000400013005001700017008004100034010001700075035002000092040001800112042001200130043001200142050001600154100004900170245004200219260001100261300003200272500001600304504003000320650004800350999001700398sa 65001232 DLC20260227112108.0890825s1963 ii h b 000 0 maro  asa 65001232  a(OCoLC)20255388 aDLCcWaUdDLC apremarc aa-ii---00aPK2915b.W31 aVarṇekara, Śrīdhara Bhāskara,d1919-10aĀrvācīna Sāskr̥ta sāhitya. c[1963] a22, 560 p.bfacsim.c24 cm. aIn Marathi. aBibliography: p. 531-534. 0aSanskrit literaturexHistory and criticism. c61969d61969